| 000 | 00573nam a2200205Ia 4500 | ||
|---|---|---|---|
| 005 | 20250923145825.0 | ||
| 008 | 008 250917s9999 xx 000 0 eng d | ||
| 037 | _aTextual | ||
| 040 |
_aDSWL _beng _cDSWL |
||
| 041 |
_aeng _2eng |
||
| 084 |
_aYX.44, N68;9 _qDSWL |
||
| 245 | 0 |
_aHistory and philosophy of social work in India _cEd. by A WADIA |
|
| 250 | _a2 | ||
| 260 |
_aBombay _bBombay Allied Publications India _c1968 |
||
| 300 | _axv,464 | ||
| 365 |
_aINR _b25.00 |
||
| 925 | _g25.00 | ||
| 942 |
_cTEXL _hYX.44, N68;9 |
||
| 999 |
_c1456147 _d1456147 |
||